Bilecik Bilecik Bilecik Bilecik Bilecik

50 soruda arkeoloji/ (Record no. 40416)

MARC details
000 -BAŞLIK
Sabit Uzunluktaki Kontrol Alanı 01189nam a22003737a 4500
001 - KONTROL NUMARASI
Control Dosyası 0040541
003 - KONTROL NUMARASI KİMLİĞİ
Kontrol Alanı KOHA_MİRAKIL
005 - EN SON İŞLEM TARİHİ ve ZAMANI
Kontrol Alanı 20260207003204.0
007 - FİZİKSEL TANIM SABİT ALAN - GENEL BİLGİ
Sabit uzunluklu kontrol alanı ta
008 - SABİT UZUNLUKTAKİ VERİ ÖGELERİ - GENEL BİLGİ
Sabit Alan 130730b2012 tu a|||gr||||#||||0|tur |
020 ## - ISBN - ULUSLARARASI STANDART KİTAP NUMARASI
Isbn 9786055888190
020 ## - ISBN - ULUSLARARASI STANDART KİTAP NUMARASI
Isbn
-- 605588819X
040 ## - KATALOGLAMA KAYNAĞI
Özgün Kataloglama Kurumu TR-BiSEU
Kataloglama Dili tur
Çeviri Kurumu TR-BiSEU
Açıklama Kuralları rda
041 0# - DİL KODU
Metin ya da ses kaydının dil kodu tur
044 ## - YAYINLAYAN/ÜRETEN KURULUŞUN ÜLKE KODU
ISO country code tu
050 ## - SINIFLAMA ve YER NUMARASI
Sınıflama Numarası CC72
Yer Numarası .O93 2012
100 1# - KİŞİ ADI
Yazar Adı (Kişi adı) Özdoğan, Mehmet.
245 1# - ESER ADI BİLDİRİMİ
Başlık 50 soruda arkeoloji/
Sorumluluk Bildirimi Mehmet Özdoğan ; Mehmet Özdoğan ; katkıda bulunanlar, Zeynep Eres, Özgür Yılmaz.
250 ## - BASIM BİLDİRİMİ
Basım Bildirimi 2 baskı.
264 #1 - ÜRERİM, YAYIN, DAĞITIM ve TELİF BİLDİRİMİ
Yayın yeri İstanbul :
Yayınlayan Bilim ve Gelecek Kitaplığı
Yayın tarihi 2012
300 ## - FİZİKSEL TANIMLAMA
Sayfa, Cilt vb. 240 sayfsa :
Diğer fiziki detaylar resimli ;
Boyutları 21 cm.
336 ## - İÇERİK TÜRÜ
Content type term metin
Content type code txt
Source rdacontent
337 ## - MEDYA TÜRÜ
Media type term aracısız
Media type code n
Source rdamedia
338 ## - TAŞIYICI TÜRÜ
Carrier type term cilt
Carrier type code nc
Source rdacarrier
490 1# - DİZİ BİLDİRİMİ
Dizi Bildirimi Bilim ve gelecek kitaplığı ;
Cilt Numarası 21.
490 1# - DİZİ BİLDİRİMİ
Dizi Bildirimi 50 soruda arkeoloji ;
Cilt Numarası 8.
500 ## - GENEL NOT
Genel Not Kaynakça var.
650 #0 - KONU BAŞLIĞI EK GİRİŞ - KONU TERİMİ
Konusal terim veya coğrafi ad Archaeology.
9 (RLIN) 20920
650 #0 - KONU BAŞLIĞI EK GİRİŞ - KONU TERİMİ
Konusal terim veya coğrafi ad Archaeology--Philosophy.
9 (RLIN) 75084
650 #0 - KONU BAŞLIĞI EK GİRİŞ - KONU TERİMİ
Konusal terim veya coğrafi ad Archaeology--Turkey.
9 (RLIN) 75085
830 1# - SERİ EK GİRİŞİ - TEKBİÇİM ESER ADI
Tekbiçim Başlık Bilim ve gelecek kitaplığı ;
Volume number/sequential designation 21.
9 (RLIN) 75086
830 1# - SERİ EK GİRİŞİ - TEKBİÇİM ESER ADI
Tekbiçim Başlık 50 soruda arkeoloji ;
Volume number/sequential designation 8.
9 (RLIN) 75087
942 ## - EK GİRİŞ ÖGELERİ (KOHA)
Source of classification or shelving scheme Library of Congress Classification
Koha item type Book
Holdings
Materyal Türü Kalıcı Konum Mevcut Konum Raf Yeri Sınıflandırma Kaynağı Edinim Bilgisi Ana Konular Alt Konular Yer Numarası Demirbaş Numarası Fatura Tarihi Maliyet, Alış Fiyatı Maliyet, Yenileme Fiyatı Geri Çekilme Durumu Kayıp Durumu Hasarlı Durumu Kredi için değil Kayıt Tarih Toplam Ödünçverme Son Görülme Tarihi Son Kontrol Tarihi Satın Alma Notu
Book Prof. Dr. Azmi Özcan Kütüphanesi Prof. Dr. Azmi Özcan Kütüphanesi Uluğbey Salonu Library of Congress Classification Satın TARİHE YARDIMCI BİLİMLER Arkeoloji CC72 .O93 2012 0040541 24/09/2013 11.59 11.59         30/07/2013 10 05/12/2024 05/12/2024 73291-73383 (92 sayfa)